Unix backup and recovery -(E-BOOK) (Record no. 191201)
[ view plain ]
| 000 -LEADER | |
|---|---|
| fixed length control field | 01022 a2200265 4500 |
| 003 - CONTROL NUMBER IDENTIFIER | |
| control field | Nust |
| 005 - DATE AND TIME OF LATEST TRANSACTION | |
| control field | 20170207154011.0 |
| 010 ## - LIBRARY OF CONGRESS CONTROL NUMBER | |
| LC control number | 00268655 |
| 020 ## - INTERNATIONAL STANDARD BOOK NUMBER | |
| International Standard Book Number | 1565926420 (pbk.) |
| 035 ## - SYSTEM CONTROL NUMBER | |
| System control number | (OCoLC)ocm43107991 |
| 035 ## - SYSTEM CONTROL NUMBER | |
| System control number | G00B-138 |
| 040 ## - CATALOGING SOURCE | |
| Transcribing agency | Nust |
| 082 ## - DEWEY DECIMAL CLASSIFICATION NUMBER | |
| Classification number | 005.133 |
| 100 1# - MAIN ENTRY--PERSONAL NAME | |
| Personal name | Preston, W. Curtis. |
| 245 10 - TITLE STATEMENT | |
| Title | Unix backup and recovery -(E-BOOK) |
| Statement of responsibility, etc. | W. Curtis Preston. |
| 246 14 - VARYING FORM OF TITLE | |
| Title proper/short title | Unix backup & recovery |
| 246 14 - VARYING FORM OF TITLE | |
| Title proper/short title | Unix backup & recovery |
| 250 ## - EDITION STATEMENT | |
| Edition statement | 1st ed. |
| 260 ## - PUBLICATION, DISTRIBUTION, ETC. | |
| Place of publication, distribution, etc. | Beijing ; |
| -- | Sebastopol, CA : |
| Name of publisher, distributor, etc. | O'Reilly, |
| Date of publication, distribution, etc. | c1999. |
| 300 ## - PHYSICAL DESCRIPTION | |
| Extent | xxiii, 707 p. : |
| Other physical details | ill. ; |
| Dimensions | 22 cm + |
| Accompanying material | 1 computer optical disc (4 3/4 in.) |
| 505 ## - FORMATTED CONTENTS NOTE | |
| Formatted contents note | Introduction (Page-1) Freely Available Filesystem Backup & Recovery Utilities (Page-67) Commercial Filesystem Backup & Recovery Utilities (Page-185) Bare-Metal Backup & Recovery Methods (Page-247)Database Backup & Recovery (Page-339) Backup & Recovery Potpourri (Page-589) |
| 650 #0 - SUBJECT ADDED ENTRY--TOPICAL TERM | |
| Topical term or geographic name entry element | Data recovery (Computer science) |
| 650 #0 - SUBJECT ADDED ENTRY--TOPICAL TERM | |
| Topical term or geographic name entry element | Database management. |
| 651 ## - SUBJECT ADDED ENTRY--GEOGRAPHIC NAME | |
| Geographic name | E-BOOK |
| 942 ## - ADDED ENTRY ELEMENTS (KOHA) | |
| Source of classification or shelving scheme | |
| Koha item type | Book |
| Withdrawn status | Lost status | Source of classification or shelving scheme | Damaged status | Not for loan | Collection code | Permanent Location | Current Location | Date acquired | Total Checkouts | Full call number | Barcode | Date last seen | Price effective from | Koha item type |
|---|---|---|---|---|---|---|---|---|---|---|---|---|---|---|
| Military College of Signals (MCS) | Military College of Signals (MCS) | 12/12/2016 | 005.133 PRE | MCSEB-68 | 12/08/2016 | 12/12/2016 | Book |
